| 000 | 00882nam a2200253 a 4500 | ||
|---|---|---|---|
| 001 | |||
| 003 | DO-SdBNP | ||
| 005 | 20211203115325.0 | ||
| 008 | 190207s2015 dr a r 000 0 spa d | ||
| 020 | _a9789945086454 | ||
| 040 |
_aDO-SdBNP _bspa _cBPMSU |
||
| 082 |
_a923.97293 _bR758n 2016 _222 |
||
| 100 | 1 |
_aRomán, Sabrina, _d1956- |
|
| 245 | 1 | 0 |
_aNuestras lágrimas saben a mar : _bmemorias de una hija del general Pupo Román / _cSabrina Román. |
| 260 |
_aSanto Domingo : _bBúho, _c2015. |
||
| 300 |
_a418 p. : _bil. ; _c24 cm. |
||
| 500 | _3Incluye datos biográficos del autor en la solapa de la cubierta | ||
| 590 | _aInventariado, 2021/VM | ||
| 600 | 1 | 4 |
_aRomán Fernández, José René (Pupo Román) _x |
| 650 | 4 |
_aDictadura _zRepública Dominicana |
|
| 651 | 4 |
_aRepública Dominicana _xHistoria _yEra de Trujillo 1930-1961 |
|
| 910 | _aVMateo V. | ||
| 942 |
_2ddc _cBK |
||
| 999 |
_c13916 _d13916 |
||